000 03461cam a2200289 4500500
005 20251228060116.0
041 _afre
042 _adc
100 1 0 _aEglin, Muriel
_eauthor
245 0 0 _aQuand la justice impose des soins
260 _c2005.
500 _a64
520 _aRésumé La justice peut imposer des soins aux auteurs d’actes de délinquance, mineurs ou majeurs, ainsi qu’aux enfants en danger et à leurs parents. Selon le cas, les soins sont imposés pour prévenir la récidive ou protéger un enfant. Ils sont aussi l’occasion pour les enfants de bénéficier d’un accès aux soins dont ils auraient autrement été privés, et offrent une alternative au placement d’un enfant hors de sa famille et à l’incarcération des délinquants. Suivent les différents cadres juridiques dans lesquels des soins peuvent être imposés, l’articulation du rôle du juge et du médecin telle que prévue par la loi et les difficultés pratiques qu’elle peut présenter. En matière pénale sont évoquées l’injonction thérapeutique des auteurs d’infraction à la législation sur les stupéfiants, l’obligation de soins imposée dans le cadre d’un contrôle judiciaire ou d’une mise à l’épreuve et l’injonction de soins en réponse à une infraction à caractère sexuel, la souplesse de la procédure et la spécialisation des acteurs permettant une application adaptée aux mineurs. En matière de protection de l’enfance, le placement d’un enfant en hôpital psychiatrique et le maintien d’un enfant dans sa famille sous conditions soulèvent des questions particulières.
520 _aCourts can impose medical or psychiatric treatment to young and grown-up offenders as well as to children at risk and their parents. According to the situation, compulsory treatment can therefore be ordered by courts, either to prevent a subsequent offence or to protect a child. Such decision is also an opportunity for children to take advantage of a psychiatric treatment that otherwise they would not have had. It is also an alternative solution to the assignment of a child to a special institution, away from his family, and to the imprisonment of the offenders. This article describes the legal framework of compulsory medical or psychiatric treatment imposed by courts in France, how judges, doctors and psychologists work together in respect of the law, and the practical difficulties they meet. Under a penal perspective, this article gives a broad view about therapist injunction for drugs dealers, the care treatment obligation following a judicial supervising or a probation period, as well as therapist injunction following sexual offences. With regards to the child protection, assignment to a psychiatric hospital and maintaining a child with his family under specific conditions, raise ethical issues.
690 _aassistance éducative
690 _acondamnation pénale
690 _ainjonction de soins
690 _ainjonction thérapeutique
690 _ajustice et psychiatrie
690 _aplacement en établissement psychiatrique
690 _aassignment to special institution
690 _acompulsory treatment
690 _apsychiatric treatment
690 _atherapists injonction
786 0 _nEnfances & Psy | 30 | 1 | 2005-12-01 | p. 121-133 | 1286-5559
856 4 1 _uhttps://shs.cairn.info/revue-enfances-et-psy-2006-1-page-121?lang=fr&redirect-ssocas=7080
999 _c1586994
_d1586994